000 00930cab a2200265 4500
001 ABS51600
008 090401t1994 xxu||||| |||| 00| 0 eng d
035 _a(Sirsi) u34670
041 _aeng
110 _aChristophersen Group
_91174
245 _aTrans-European networks
260 _c1994
300 _aLOAN
350 _a0
490 _aBusiness Europa
_vSupplement (2) 1994 (32)
520 _aAn interim report reviewing work already accomplished in the establishment and development of trans-European networks and assessing requirements for future expansion. Looks at transport and energy policies and funding structures, and the extension of EU networks to eastern Europe. Maps.
650 _aInfrastructure
_96246
650 _aROUTES
650 _aTRANS-EUROPEAN NETWORKS
650 _aTRANSPORT NETWORKS
650 _aTRANSPORT SYSTEM
690 _aOVERSEAS-EUROPE
942 _n0
948 _c04/03/1997
999 _c22927
_d22927